Влияние содержания графита на износостойкость спечённых композитов на основе нержавеющей стали; Новые материалы. Создание, структура, свойства - 2008

Dades bibliogràfiques
Parent link:Новые материалы. Создание, структура, свойства - 2008.— 2008.— С. 146-150
Autor principal: Цовмина Н. В.
Altres autors: Фадин В. В.
Idioma:rus
Publicat: 2008
Matèries:
Format: MixedMaterials Capítol de llibre
KOHA link:https://koha.lib.tpu.ru/cgi-bin/koha/opac-detail.pl?biblionumber=156847

MARC

LEADER 00000naa2a2200000 4500
001 156847
005 20231031153425.0
035 |a (RuTPU)RU\TPU\book\170099 
090 |a 156847 
100 |a 20090331d2008 k y0rusy50 ca 
101 0 |a rus 
102 |a RU 
200 1 |a Влияние содержания графита на износостойкость спечённых композитов на основе нержавеющей стали  |f Н. В. Цовмина, В. В. Фадин 
320 |a Библиогр.: 2 назв. 
463 0 |0 (RuTPU)RU\TPU\book\158722  |t Новые материалы. Создание, структура, свойства - 2008  |o труды  |o VIII Всероссийская школа-семинар с международным участием, 9-10 июня 2009 г., г. Томск  |f Томский политехнический университет (ТПУ) ; Российская академия наук (РАН), Сибирское отделение (СО), Институт физики прочности и материаловедения (ИФПМ)  |v С. 146-150  |d 2008  |p 232 с. 
610 1 |a графит 
610 1 |a износостойкость 
610 1 |a композиты 
610 1 |a спечённые композиты 
610 1 |a нержавеющие стали 
610 1 |a стали 
610 1 |a оксиды 
610 1 |a спекание 
610 1 |a труды учёных ТПУ 
700 1 |a Цовмина  |b Н. В. 
701 1 |a Фадин  |b В. В. 
801 1 |a RU  |b 63413507  |c 20090331  |g PSBO 
801 2 |a RU  |b 63413507  |c 20110120  |g RCR 
942 |c BK